书目信息 |
| 题名: |
军队律师制度研究
|
|
| 作者: | ;总政办公厅 编 | |
| 分册: | ||
| 出版信息: | 北京 解放军出版社 2008.07 |
|
| 页数: | 15,314页 | |
| 开本: | 21cm | |
| 丛书名: | ||
| 单 册: | ||
| 中图分类: | D926.5 | |
| 科图分类: | ||
| 主题词: | 军队--律师制度--研究--中国 , 律师制度 , 军队 | |
| 电子资源: | ||
| ISBN: | 978-7-5065-5657-6 | |
| 000 | 00974nam0 22002651 450 | |
| 001 | 004033578 | |
| 005 | 20111228145619.51 | |
| 010 | @a978-7-5065-5657-6@dCNY28.00 | |
| 096 | @aD926.5@bzzb | |
| 100 | @a20090107d2008 em y0chiy50 ea | |
| 101 | 0 | @achi |
| 102 | @aCN@b110000 | |
| 105 | @ay z 000yy | |
| 200 | 1 | @a军队律师制度研究@9jun dui lv shi zhi du yan jiu@f总政办公厅司法局编 |
| 210 | @a北京@c解放军出版社@d2008.07 | |
| 215 | @a15,314页@d21cm | |
| 300 | @a司法部法治建设与法学理论研究部级重点科研项目 | |
| 330 | @a本书阐述了军队律师的性质、任务、职责及权利、义务、后勤、装备工作中的地位和作用,对军队律师的业务范围及管理制度、业务运行制度、职业责任等进行了有益的探讨,对加强军队律师队伍建设提出了目标和建议措施。 | |
| 606 | 0 | @a军队@x律师制度@x研究@y中国 |
| 606 | 0 | @a律师制度 |
| 606 | 0 | @a军队 |
| 690 | @aD926.5@v4 | |
| 711 | 02 | @a总政办公厅@9zong zheng ban gong ting@b司法局@4编 |
| 801 | 0 | @c20111228 |
| 905 | @a郑州市财税学校图书馆@dD926.5@eZ963@f3 | |
| 军队律师制度研究/总政办公厅司法局编.-北京:解放军出版社,2008.07 |
| 15,314页;21cm |
| 司法部法治建设与法学理论研究部级重点科研项目 |
| ISBN 978-7-5065-5657-6:CNY28.00 |
| 本书阐述了军队律师的性质、任务、职责及权利、义务、后勤、装备工作中的地位和作用,对军队律师的业务范围及管理制度、业务运行制度、职业责任等进行了有益的探讨,对加强军队律师队伍建设提出了目标和建议措施。 |
| ● |
| 相关链接 |
|
|
|
正题名:军队律师制度研究
索取号:D926.5/Z963
 
预约/预借
| 序号 | 登录号 | 条形码 | 馆藏地/架位号 | 状态 | 备注 |
| 1 | 1181899 | 211818997 | 社科库509/509社科库 105排1列4层/ [索取号:D926.5/Z963] | 在馆 | |
| 2 | 1181900 | 211819004 | 社科库509/509社科库 105排1列4层/ [索取号:D926.5/Z963] | 在馆 | |
| 3 | 1188291 | 211882916 | 社科库509/509社科库 105排1列4层/ [索取号:D926.5/Z963] | 在馆 |